Teaching and researching translation

This new book introduces students and teachers of translation to the intricacies of the process and demands of the subject. The author shows how theoretical perspectives relate to practical pursuits in translation and interpreting studies and presents relevant research issues and their applications...

وصف كامل

محفوظ في:
التفاصيل البيبلوغرافية
المؤلف الرئيسي: Hatim, Basil
التنسيق: كتاب
اللغة:Undetermined
منشور في: New York Pearson Longman 2012
الموضوعات:
الوسوم: إضافة وسم
لا توجد وسوم, كن أول من يضع وسما على هذه التسجيلة!
Thư viện lưu trữ: Trung tâm Học liệu Trường Đại học Cần Thơ
LEADER 00944nam a2200217Ia 4500
001 CTU_196128
008 210402s9999 xx 000 0 und d
020 |c 1141000 
082 |a 418.02 
082 |b H361 
100 |a Hatim, Basil 
245 0 |a Teaching and researching translation 
245 0 |c Basil Hatim. 
260 |a New York 
260 |b Pearson Longman 
260 |c 2012 
520 |a This new book introduces students and teachers of translation to the intricacies of the process and demands of the subject. The author shows how theoretical perspectives relate to practical pursuits in translation and interpreting studies and presents relevant research issues and their applications to teaching. 
650 |a Translating and interpreting,Biên dịch và phiên dịch 
650 |x Research,Methodology,Nghiên cứu,Phương pháp 
904 |i Giang 
980 |a Trung tâm Học liệu Trường Đại học Cần Thơ